| 000 | 00382nam a2200145Ia 4500 | ||
|---|---|---|---|
| 005 | 20250729165408.0 | ||
| 008 | 250729s2005 xx 000 0 und d | ||
| 041 | _aeng | ||
| 082 | _a500.7 SENE | ||
| 100 |
_aSen B R _9222756 |
||
| 245 | _aEffective methods of Teaching Science | ||
| 260 |
_aNew Delhi _bCommonwealth Publishers _c2005 |
||
| 300 | _a223p | ||
| 650 |
_aScience _9222757 |
||
| 999 |
_c235596 _d235596 |
||